2026 NFL Draft Colleges - Statistics

General Stats
  • This quiz has been taken 29 times
  • The average score is 46 of 75
Answer Stats
Players College % Correct
8 Georgia
100%
11 Ohio State
100%
10 Alabama
96%
6 Texas
93%
8 Indiana
89%
9 Miami
89%
1 Miami (OH)
89%
7 Oregon
89%
9 Texas Tech
89%
7 Florida
86%
6 Michigan
86%
3 USC
86%
8 Penn State
82%
10 Texas A&M
82%
7 Iowa
79%
4 Kentucky
79%
7 LSU
79%
5 Tennessee
79%
4 Arizona
75%
4 Arkansas
75%
1 Florida State
75%
2 Michigan State
75%
1 Nebraska
75%
6 Notre Dame
75%
7 Oklahoma
75%
1 California
71%
3 Illinois
71%
2 Mississippi
71%
3 South Carolina
71%
7 Washington
71%
4 Arizona State
68%
2 Georgia Tech
68%
1 Iowa State
68%
2 Kansas
68%
3 Utah
68%
9 Clemson
64%
2 Kansas State
64%
6 Missouri
64%
1 Rutgers
64%
5 Auburn
61%
2 BYU
61%
1 Maryland
61%
2 Navy
61%
3 TCU
61%
3 Duke
57%
1 Minnesota
57%
2 Mississippi State
57%
1 UConn
57%
1 Vanderbilt
57%
1 Pittsburgh
54%
4 Boston College
50%
2 NC State
50%
2 Stanford
50%
1 Boise State
46%
1 Louisville
46%
2 North Dakota State
46%
2 Baylor
43%
1 Houston
43%
1 UCF
43%
1 UCF
43%
2 Wake Forest
43%
4 Cincinnati
39%
1 Georgia State
39%
1 Louisiana
39%
2 Northwestern
39%
1 SMU
39%
1 Memphis
36%
1 New Mexico
36%
2 Toledo
36%
1 San Diego State
32%
1 Buffalo
29%
1 East Carolina
14%
1 Middle Tennessee
11%
1 Southeastern Louisiana
7%
1 Stephen F. Austin
7%
No matching quizzes found
Score Distribution
Percent of People with Each Score
Percentile by Number Answered
Your Score History
You have not taken this quiz